NLSUI OPAC header image

Conveyancing, precedents and forms / (Record no. 19473)

MARC details
000 -LEADER
fixed length control field 00510nam a2200181Ia 4500
005 - DATE AND TIME OF LATEST TRANSACTION
control field 20260423100622.0
008 - FIXED-LENGTH DATA ELEMENTS--GENERAL INFORMATION
fixed length control field 160316s1983 xxu||||| |||| 00| 0 eng d
082 ## - DEWEY DECIMAL CLASSIFICATION NUMBER
Classification number 346.0436 GOP
100 ## - MAIN ENTRY--PERSONAL NAME
Personal name Gopal, Shiva
245 ## - TITLE STATEMENT
Title Conveyancing, precedents and forms /
Statement of responsibility, etc. Shiva Gopal and G.C. Mathur
250 ## - EDITION STATEMENT
Edition statement 5th ed.
260 ## - PUBLICATION, DISTRIBUTION, ETC.
Place of publication, distribution, etc. Lucknow :
Name of publisher, distributor, etc. Eastern Book Company,
Date of publication, distribution, etc. 1983.
300 ## - PHYSICAL DESCRIPTION
Extent xxxiii, 648 p. ;
Other physical details 23 cm.
365 ## - TRADE PRICE
Price amount Rs.225.00
650 ## - SUBJECT ADDED ENTRY--TOPICAL TERM
Topical term or geographic name entry element Conveyancing
700 ## - ADDED ENTRY--PERSONAL NAME
Personal name Mathur, G.C.
--
942 ## - ADDED ENTRY ELEMENTS (KOHA)
Source of classification or shelving scheme Dewey Decimal Classification
Koha item type BOOKs
Holdings
Withdrawn status Lost status Damaged status Not for loan Home library Current library Shelving location Date acquired Cost, normal purchase price Total Checkouts Full call number Barcode Date last seen Price effective from Koha item type Source of classification or shelving scheme Public note
        NLS NLS Library Compactors 30/05/2017 225.00   346.0436 GOP-2 17518 30/05/2017 30/05/2017 BOOKs    
        NLS NLS Library Compactors 30/05/2017 225.00   346.0436 GOP-3 17519 30/05/2017 30/05/2017 BOOKs    
        NLS NLS NAB Compactor 30/05/2017 225.00   346.0436 GOP 15942 30/05/2017 30/05/2017 BOOKs    
        NLS NLS NAB Compactor 30/05/2017 225.00   346.0436 GOP 17208 30/05/2017 30/05/2017 BOOKs    
        NLS NLS   30/05/2017 395.00   346.0436 GOP 19618 30/05/2017 30/05/2017 BOOKs Dewey Decimal Classification This book is accompanied by a CD